000 01033nas a2200313 a 4500
001 000918426
003 AM-YeHGA
005 20250617145643.0
008 121009c20099999nyuur1p 0 0eng d
040 _aAM-YeHGA
041 0 _aeng
222 0 _aAGBU Armenia newsletter
245 0 0 _aAGBU Armenia newsletter /
_cArmenian General Benevolent Union.
260 _aNew York, NY,
_aYerevan :
_bAGBU,
_c2009-.
270 _a55 East 59th street
_bNew York, NY
_k212 319 6383
_l212 319 6507
_magbuny@agbu.org
270 _a9 Alex Manoogian street
_bYerevan, Armenia
_k(374 10) 51-22-51
_l(374 10) 51-22-52
_magbuarm@agbu.am
300 _av. :
_bphotos ;
_c30 cm.
310 _a[Unknown]
650 0 4 _aԱմսագիր
650 1 4 _aNews
_vPeriodicals
650 1 4 _aEduaction
_vPeriodicals
650 1 4 _aCulture
_vPeriodicals
650 1 4 _aHumanitarian programs
_vPeriodicals
650 1 4 _aNewsletter
_vPeriodicals
710 2 _aArmenian General Benevolent Union.
856 _awww.agbu.org
942 _2udc
_cCR
090 _c317746
999 _c316020
_d316020